Statistics for Top 10 Countries in Patents

Click here to take the quiz!

General Stats

  • This quiz has been taken 153 times
  • The average score is 8 of 10

Answer Stats

No.patents/million peopleCountry% Correct
289United States
100%
235Germany
94%
994Japan
91%
205France
89%
779South Korea
84%
271Sweden
78%
187Finland
72%
183Switzerland
70%
189Netherlands
69%
202Luxembourg
29%

Score Distribution

Percentile by Number Answered

Percent of People with Each Score

Your Score History

You have not taken this quiz